000
00296cam a22001217a 4500
008
180718b1960 xxu||||| |||| 00| 0 eng d
082
_a
T4x42 F417
100
_a
Ferris, Paul
245
_a
The City
_c
by Paul Ferris
260
_a
London
_b
Collancz
_c
1960
300
_a
224p.
650
_a
Finance - UK
999
_c
479251
_d
479251